000 00982cab a2200373 4500
001 ABS58868
008 090401t1998 xxu||||| |||| 00| 0 eng d
035 _a(Sirsi) u86979
041 _aeng
245 _aRegional survey: Yorks: industrial and retail
260 _c1998
350 _a0
490 _aProperty Week
_v63(9) 12 June 1998, 48-64(8)
650 _aBARNSLEY
650 _aBRADFORD
650 _aDONCASTER
650 _aHALIFAX
650 _aHARROGATE
650 _aHUDDERSFIELD
650 _aINDUSTRIAL MARKET
650 _aLEEDS
650 _aNORTH YORKSHIRE
650 _aPLANNING ISSUES
650 _aPROPERTY-COMMERCIAL PROPERTY-RETAIL PROPERTY-RETAIL PROPERTY MARKET
650 _aSHEFFIELD
650 _aSOUTH YORKSHIRE
650 _aUNIVERSITIES
650 _aWAKEFIELD
650 _aWEST YORKSHIRE
650 _aYORK
690 _aPROPERTY-COMMERCIAL PROPERTY-COMMERCIAL PROPERTY MARKET
942 _n0
948 _c24/06/1998
999 _c54782
_d54782